书目信息 |
| 题名: |
中国市场发展报告
|
|
| 作者: | 马洪 主编 | |
| 分册: | ||
| 出版信息: | 北京 中国发展出版社 2000.5 |
|
| 页数: | 246页 | |
| 开本: | 20cm | |
| 丛书名: | ||
| 单 册: | ||
| 中图分类: | F723.04 | |
| 科图分类: | ||
| 主题词: | 国内市场--概况--中国--2000 , 国内市场--经济预测--中国--2000 | |
| 电子资源: | ||
| ISBN: | 7-80087-429-X | |
| 000 | 00641nam0 2200217 45 | |
| 001 | 0201281072 | |
| 005 | 20031219104053.3 | |
| 010 | @a7-80087-429-X@dCNY15.90 | |
| 100 | @a20020128d2000 km y0chiy0120 ea | |
| 101 | 0 | @achi |
| 105 | @ak p 000yy | |
| 200 | 1 | @a中国市场发展报告@AZhong Guo Shi Chang Fa Zhan Bao Gao@e2000@f马洪主编@FMa Hong Zhu Bian |
| 210 | @a北京@c中国发展出版社@d2000.5 | |
| 215 | @a246页@d20cm | |
| 517 | @a2000 | |
| 606 | 0 | @a国内市场@x概况@y中国@z2000 |
| 606 | 0 | @a国内市场@x经济预测@y中国@z2000 |
| 690 | @aF723.04@v4 | |
| 701 | 0 | @a马洪@4主编 |
| 801 | @aCN@bTSTC@c20020128 | |
| 905 | @b306040-044@dF723.04@e17@f5 | |
| 中国市场发展报告:2000/马洪主编.-北京:中国发展出版社,2000.5 |
| 246页;20cm |
| ISBN 7-80087-429-X:CNY15.90 |
| ● |
| 相关链接 |
|
|
|
|
正题名:中国市场发展报告
索取号:F723.04/17
 
预约/预借
| 序号 | 登录号 | 条形码 | 馆藏地/架位号 | 状态 | 备注 |
| 1 | 0306040 | 203060409 | 第一借阅区/ [索取号:F723.04/17] | 在馆 | |
| 2 | 0306041 | 203060418 | 第一借阅区/ [索取号:F723.04/17] | 在馆 | |
| 3 | 0306042 | 203060427 | 第一借阅区/ [索取号:F723.04/17] | 在馆 | |
| 4 | 0306043 | 203060436 | 第一借阅区/ [索取号:F723.04/17] | 在馆 | |
| 5 | 0306044 | 203060445 | 第一样本阅览室/ [索取号:F723.04/17] | 在馆 |